000 00616nam a22001937a 4500
003 UA-OsUOA
001 43753
007 ta
008 20091028b un ||||| |||| 00| 0 ukr d
090 _a94(477).07
942 _cAV
040 _aUA-OsUOA
_bukr
_cUA-OsUOA
_dUA-OsUOA
245 _aHolodomor Genocide by Famine. 10 000 000 Ukraine 1932-1933. Виставка "Геноцид Голодомором" (буклети). Відеоматеріали. Плакати
955 _a4
041 _aukr
080 _a94(477).07
650 7 _a9 Географія. Біографії. Історія
_2UDC
999 _c442227
_d442227